00464nam a22001577a 4500008004100000040005500041080001600096100002400112245005100136260004900187300001600236650001500252653001000267942001200277999001700289230403b |||||||| |||| 00| 0 eng d aNational Science LibrarycNational Science Library a141.131bK2 aMahdi, Muhsin96180 aAlfarabi's:bPhilosophy of plato and aristotle aNew York: bCornell University Press, c1962 axxv, 156p.  aPhilosophy aPlato 2udccBK c18005d18005